Online
Catalog

Guida alle fonti per la storia del brigantaggio postunitario conservate negli Archivi di Stato. (Record no. 2381)

MARC details
000 -CABECERA
campo de control de longitud fija 01092cam a2200241 a 4500
001 - NÚMERO DE CONTROL
campo de control 000002545
005 - FECHA Y HORA DE LA ÚLTIMA TRANSACCIÓN
campo de control 20200929150218.0
008 - DATOS DE LONGITUD FIJA--INFORMACIÓN GENERAL
campo de control de longitud fija 990506s2000 it bc f001 0 ita d
020 ## - NÚMERO INTERNACIONAL ESTÁNDAR DEL LIBRO
Número Internacional Estándar del Libro 8871251830 (v. 2)
040 ## - FUENTE DE LA CATALOGACIÓN
Centro catalogador/agencia de origen DO-SdBNP
Lengua de catalogación spa
Centro/agencia transcriptor BNPHU
082 ## - NÚMERO DE LA CLASIFICACIÓN DECIMAL DEWEY
Número de clasificación 016.36
Número de documento/Ítem G946
110 1# - ENTRADA PRINCIPAL--NOMBRE DE ENTIDAD CORPORATIVA
Nombre de entidad corporativa o nombre de jurisdicción como elemento de entrada Italia
-- Archivio Centrale dello Stato
9 (RLIN) 7998
245 10 - MENCIÓN DE TÍTULO
Título Guida alle fonti per la storia del brigantaggio postunitario conservate negli Archivi di Stato.
260 ## - PUBLICACIÓN, DISTRIBUCIÓN, ETC.
Lugar de publicación, distribución, etc. Roma :
Nombre del editor, distribuidor, etc. Ministero per i Beni Culturali e le Attivita Culturali, Ufficio Centrale per i Beni Archivistici,
Fecha de publicación, distribución, etc. 2000.
300 ## - DESCRIPCIÓN FÍSICA
Extensión v. ;
Dimensiones 24 cm.
490 1# - MENCIÓN DE SERIE
Mención de serie Pubblicazioni degli Archivi di Stato :
-- Strumenti ;
Designación de volumen o secuencia 139
500 ## - NOTA GENERAL
Nota general la biblioteca sólo posee el volumen 2.
504 ## - NOTA DE BIBLIOGRAFÍA, ETC.
Nota de bibliografía, etc. Incluye referencias bibliografías e índice.
610 20 - PUNTO DE ACCESO ADICIONAL DE MATERIA--NOMBRE DE ENTIDAD CORPORATIVA
Nombre de entidad corporativa o nombre de jurisdicción como elemento de entrada Archivio centrale dello Stato (Italy)
Subdivisión de forma Catalogs.
9 (RLIN) 7999
650 #0 - PUNTO DE ACCESO ADICIONAL DE MATERIA--TÉRMINO DE MATERIA
Término de materia o nombre geográfico como elemento de entrada Brigands and robbers
Subdivisión geográfica Italy
Subdivisión general History
-- Sources
Subdivisión de forma Bibliography
-- Catalogs.
9 (RLIN) 8000
651 #0 - PUNTO DE ACCESO ADICIONAL DE MATERIA--NOMBRE GEOGRÁFICO
Nombre geográfico Italy
Subdivisión general History
-- Sources
Subdivisión de forma Bibliography
-- Catalogs.
9 (RLIN) 8001
830 #0 - PUNTO DE ACCESO ADICIONAL DE SERIE-TÍTULO UNIFORME
Título uniforme Pubblicazioni degli Archivi di Stato :
Nombre de parte o sección de la obra Strumenti ;
Designación de volumen o secuencia 139
9 (RLIN) 8002
Holdings
Estado de retiro Estado de pérdida Restricciones de uso No para préstamo Código de colección Localización permanente Ubicación/localización actual Ubicación en estantería Fecha de adquisición Número de inventario Total de préstamos Signatura topográfica completa Código de barras Fecha visto por última vez Precio válido a partir de Tipo de ítem Koha
        Monografías: Libros y Folletos R R En catalogación 23.03.2010 LF1   v.2 2545-10 25.06.2020 25.06.2020 Préstamo en sala

Powered by Koha